MARC

LEADER 00000nam0a2200000 4500
001 321562
005 20231102003404.0
035 |a (RuTPU)RU\TPU\book\347118 
090 |a 321562 
100 |a 20160830d1936 m y0rusy50 ca 
101 0 |a rus 
102 |a RU 
105 |a a z 001zy 
200 1 |a Архитектура московского метро  |f Московский метрополитен имени Л. М. Кагановича ; под ред. Н. Я. Колли ; под ред. С. М. Кравец 
210 |a Москва  |c Изд-во Всесоюзной академии архитектуры  |d 1936 
215 |a 196 с.  |c ил. 
320 |a Перечень иллюстраций: с. 193-195 
606 1 |a Станции метро  |x Архитектура  |2 stltpush  |3 (RuTPU)RU\TPU\subj\56807  |9 74697 
610 1 |a архитектура 
610 1 |a метрополитены 
610 1 |a Московский метрополитен 
610 1 |a история 
610 1 |a Москва 
610 1 |a история 
610 1 |a архитектурное проектирование 
610 1 |a строительное проектирование 
610 1 |a строительство 
610 1 |a метро 
610 1 |a интерьер 
610 1 |a станции 
675 |a 725.3  |v 4 
702 1 |a Колли  |b Н. Я.  |4 340 
702 1 |a Кравец  |b С. М.  |4 340 
712 0 2 |a Московский метрополитен имени Л. М. Кагановича  |2 stltpush  |3 (RuTPU)RU\TPU\col\27562 
801 1 |a RU  |b 63413507  |c 20160830 
801 2 |a RU  |b 63413507  |c 20200902  |g RCR 
942 |c BK